header

Preservation and conservation for libraries and archives (Record no. 240121)

MARC details
000 -LEADER
fixed length control field 01883nam a2200421Ia 4500
082 04 - DEWEY DECIMAL CLASSIFICATION NUMBER
Classification number 025.8/4
100 1# - MAIN ENTRY--AUTHOR NAME
Personal name Balloffet, Nelly.
245 10 - TITLE STATEMENT
Title Preservation and conservation for libraries and archives
260 ## - PUBLICATION, DISTRIBUTION, ETC. (IMPRINT)
Place of publication Chicago :
Name of publisher American Library Association,
Year of publication c2005.
300 ## - PHYSICAL DESCRIPTION
Number of Pages xix, 214 p. :
Other physical details ill.
650 #0 - SUBJECT ADDED ENTRY--TOPICAL TERM
Topical Term Library materials
Topical Term Archival materials
Topical Term Library materials
Topical Term Archival materials
Topical Term Paper
Topical Term Books
Topical Term Library exhibits
Topical Term Archives
700 1# - ADDED ENTRY--PERSONAL NAME
Personal name Hille, Jenny.
Personal name Reed, Judith A.
856 40 - ELECTRONIC LOCATION AND ACCESS
Uniform Resource Identifier http://site.ebrary.com/lib/rucke/Doc?id=10179780

No items available.

© 2026 Rongo University
Contact us: librarian | system librarian | Rongo university